Hauptstädte Sudden Death - Statistiken

Allgemein
  • Dieses Quiz wurde 390 mal gespielt
    357 seit der letzten Aktualisierung
  • Das Durchschnittsergebnis liegt bei 11 aus 16
Answers on the Grid
Answers color-coded by a green-red scale on the quiz's grid according to % correct below.
Berlin
Washington D.C.
St. Petersburg
Stockholm
Mombasa
Kairo
Rio de Janeiro
Osaka
Seoul
Lissabon
Shanghai
Hanoi
Rom
Zagreb
Dubai
Oslo
Mumbai
Sydney
Jakarta
Mexiko City
Vancouver
Bogota
Caracas
Neapel
Barcelona
Jeddah
Riad
Korfu
Dublin
Belfast
 
Antwortstatistiken
Antwort % Korrekt
Berlin
99%
Stockholm
89%
Washington D.C.
86%
Rom
80%
Kairo
77%
Lissabon
77%
Oslo
77%
Seoul
77%
Mexiko City
73%
Zagreb
72%
Dublin
70%
Hanoi
56%
Riad
56%
Bogota
55%
Jakarta
54%
Caracas
45%
Keine übereinstimmenden Quizze gefunden
Verteilung der Resultate
Anzahl Personen mit jedem Resultat
Perzentil nach korrekt beantworteten Fragen
Ihre Resultats-Entwicklung
Sie haben dieses Quiz seit der letzten Aktualisierung nicht gespielt